000 00587nam a2200217Ia 4500
003 OSt
005 20230612100402.0
008 210423s2003 xx 000 0 und d
020 _a100323017169
040 _cAL
041 _aeng
082 _a616.0756
_223
_bKAPL
100 _aKAPLAN (Lawrence A);others.
_998967
245 _aClinical chemistry: theory analysis correlation.
250 _a4
260 _aMissouri
_bMosby Publication
_c2003
300 _axvi,1179
_bPB
365 _cINR
906 _aanalysis ; chemistry ; Clinical ; correlation ; theory
942 _2ddc
_cBK
999 _c163687
_d163687